Foundations of mathematics /
Guardado en:
| Autor Principal: | |
|---|---|
| Formato: | Libro |
| Idioma: | English |
| Publicado: |
Philadelphia :
W. B. Saunders,
1968.
|
| Series: | Saunders mathematics books
|
| Materias: | |
| Etiquetas: |
Agregar Etiqueta
Sin Etiquetas, Sea el primero en etiquetar este registro!
|
| LEADER | 00999nam a22002295a 4500 | ||
|---|---|---|---|
| 001 | MAT.inmabb003274 | ||
| 008 | 710201s1968####pau######b####001#0#eng## | ||
| 005 | 20130312125015.0 | ||
| 245 | 1 | 0 | |a Foundations of mathematics / |c William S. Hatcher. |
| 260 | |a Philadelphia : |b W. B. Saunders, |c 1968. | ||
| 300 | |a xiii, 327 p. ; |c 25 cm. | ||
| 490 | 0 | |a Saunders mathematics books | |
| 504 | |a Bibliografía: p. 319-322. | ||
| 505 | 0 | |a 1. First-order logic -- 2. The origin of foundational studies -- 3. Frege's system and the paradoxes -- 4. The theory of types -- 5. Zermelo-Fraenkel set theory -- 6. Hilbert's program and Gödel's incompleteness theorems -- 7. The foundational systems of W. V. Quine -- 8. Categorical algebra. | |
| 510 | 4 | |a MR, |c 38 #5610 | |
| 100 | 1 | |a Hatcher, William S. | |
| 650 | 0 | |a Mathematics |x Philosophy. | |
| 650 | 0 | |a Logic, Symbolic and mathematical. | |
| 084 | |a 03-01 (03Exx) |2 msc2000 | ||
| 010 | |a 68023684 | ||
| 040 | |a DLC |c DLC |d DLC | ||
| 859 | |h 03 |i H361 |p A-6615 |b BIB. MATEMATICA | ||
